Catálogo
 En Linea

Varios prodigios de amor. (Registro nro. 33226)

Detalles MARC
000 -CABECERA
campo de control de longitud fija 00238nam a2200097 a 4500
005 - FECHA Y HORA DE LA ÚLTIMA TRANSACCIÓN
campo de control 20200930070459.0
008 - DATOS DE LONGITUD FIJA--INFORMACIÓN GENERAL
campo de control de longitud fija 110907s1709 000 spa d
040 ## - FUENTE DE LA CATALOGACIÓN
Centro catalogador/agencia de origen DO-SdBNP
245 #0 - MENCIÓN DE TÍTULO
Título Varios prodigios de amor.
260 ## - PUBLICACIÓN, DISTRIBUCIÓN, ETC.
Lugar de publicación, distribución, etc. Barcelona,
Fecha de publicación, distribución, etc. 1709.

No hay ítems disponibles.

Con tecnología Koha